Well read 1 Skills and strategies for reading: Instructor's park

v.v...

Đã lưu trong:
Chi tiết thư mục
Tác giả chính: Blass, Laurie
Định dạng: Sách
Năm xuất bản: Anh Oxford University 2008
Chủ đề:
Tags: Thêm thẻ
Không có thẻ, Hãy là người đầu tiên gắn thẻ bản ghi này!
LEADER 01006nam a2200193 4500
082 |a 428.4  |b BL100S 
100 |a Blass, Laurie  
245 |a Well read 1   |c Laurie Blass  |b Skills and strategies for reading: Instructor's park  
260 |a Anh  |b Oxford University  |c 2008 
300 |a 16 tr.  |c 28 cm   |e 2 đĩa CD 
520 |a v.v... 
653 |a Ngôn ngữ 
653 |a Tiếng Anh 
653 |a Kỹ năng đọc 
942 |2 ddc  |c STK0 
999 |c 4053  |d 4053 
952 |0 0  |1 0  |2 ddc  |4 0  |6 428_400000000000000_BL100S  |7 0  |8 400  |9 41301  |a qbu  |b qbu  |c D4  |d 2014-12-18  |g 30000  |o 428.4 BL100S  |p 3028.c1  |r 0000-00-00  |w 2014-12-18  |y STK0  |0 0  |6 428_400000000000000_BL100S 
952 |0 0  |1 0  |2 ddc  |4 0  |6 428_400000000000000_BL100S  |7 0  |8 400  |9 41302  |a qbu  |b qbu  |c D4  |d 2014-12-18  |g 30000  |o 428.4 BL100S  |p 3028.c2  |r 0000-00-00  |w 2014-12-18  |y STK0  |0 0  |6 428_400000000000000_BL100S 
952 |0 0  |1 0  |2 ddc  |4 0  |6 428_400000000000000_BL100S  |7 0  |8 400  |9 41303  |a qbu  |b qbu  |c D4  |d 2014-12-18  |g 30000  |o 428.4 BL100S  |p 3028.c3  |r 0000-00-00  |w 2014-12-18  |y STK0  |0 0  |6 428_400000000000000_BL100S